书目信息 |
| 题名: |
生物信息学
|
|
| 作者: | 巴尔迪, , 布鲁纳克, 著 ;张东晖 , 黄颖 , 蔡军 译 | |
| 分册: | ||
| 出版信息: | 北京 中信出版社 2003.07 |
|
| 页数: | 405页 | |
| 开本: | 24cm | |
| 丛书名: | ||
| 单 册: | ||
| 中图分类: | Q811.4 | |
| 科图分类: | ||
| 主题词: | 生物信息论--Sheng Wu Xin Xi Lun | |
| 电子资源: | ||
| ISBN: | 7-80073-708-X | |
| 000 | 01504nam0 2200373 450 | |
| 001 | CAL 012003139205 | |
| 005 | 20050630164406.83 | |
| 010 | @a7-80073-708-X@dCNY 45.00 | |
| 099 | @aCAL 012003139205 | |
| 100 | @a20030912d2003 ekmy0chiy0121 ea | |
| 101 | 1 | @achi@ceng |
| 102 | @aCN@b110000 | |
| 105 | @aak a 000yy | |
| 200 | 1 | @a生物信息学@ASheng Wu Xin Xi Xue@e机器学习方法@d= Bioinformatics@ethe machine learning approach@f(法) 皮埃尔·巴尔迪, (丹麦) 索恩·布鲁纳克著@g张东晖 ... [等] 译@zeng |
| 210 | @a北京@c中信出版社@d2003.07 | |
| 215 | @a405页@c图@d24cm | |
| 304 | @a本书译者还有:黄颖、蔡军、孙应飞。 | |
| 305 | @a据2001年英文第2版译出 | |
| 306 | @a本书中文简体字版由MIT出版社授权中信出版社独家出版。 | |
| 320 | @a有书目 (第357-390页) | |
| 330 | @a本书在介绍相关理论和应用的同时,还提出了生物信息学前沿领域的许多重要问题。读者不仅可以了解生物信息学的前沿领域,还可以追随原作者探索这些问题的轨迹,开始自己对前沿问题的开创性研究。 | |
| 510 | 1 | @aBioinformatics@ethe machine learning approach@zeng |
| 517 | 1 | @a机器学习方法@AJi Qi Xue Xi Fang Fa |
| 606 | 0 | @a生物信息论@ASheng Wu Xin Xi Lun |
| 690 | @aQ811.4@v4 | |
| 701 | 1 | @a巴尔迪,@ABa Er Di@bP.@g(Baldi, Pierre)@4著 |
| 701 | 1 | @a布鲁纳克,@ABu Lu Na Ke@bS.@g(Brunak, Sфren)@4著 |
| 702 | 0 | @a张东晖@AZhang Dong Hui@4译 |
| 702 | 0 | @a黄颖@AHuang Ying@4译 |
| 702 | 0 | @a蔡军@ACai Jun@4译 |
| 801 | 0 | @aCN@b北京万源信海@c20050630 |
| 801 | 2 | @aCN@bBUA@c20030912 |
| 905 | @a10447@dQ811.4@eP616 | |
| 998 | @aBUA | |
| 生物信息学:机器学习方法= Bioinformatics:the machine learning approach/(法) 皮埃尔·巴尔迪, (丹麦) 索恩·布鲁纳克著/张东晖 ... [等] 译.-北京:中信出版社,2003.07 |
| 405页:图;24cm |
| ISBN 7-80073-708-X:CNY 45.00 |
| 本书在介绍相关理论和应用的同时,还提出了生物信息学前沿领域的许多重要问题。读者不仅可以了解生物信息学的前沿领域,还可以追随原作者探索这些问题的轨迹,开始自己对前沿问题的开创性研究。 |
| ● |
| 相关链接 |
|
|
|
正题名:生物信息学
索取号:Q811.4/P616
 
预约/预借
| 序号 | 登录号 | 条形码 | 馆藏地/架位号 | 状态 | 备注 |
| 1 | 538982 | 205389827 | 自科库401/401自科库 32排3列3层/ [索取号:Q811.4/P616] | 在馆 | |
| 2 | 538983 | 205389836 | 自科库401/401自科库 32排3列3层/ [索取号:Q811.4/P616] | 在馆 | |
| 3 | 542282 | 205422826 | 自科库401/401自科库 32排3列3层/ [索取号:Q811.4/P616] | 在馆 | |
| 4 | 542283 | 205422835 | 自科二线504/504自科库 37排1列6层/ [索取号:Q811.4/P616] | 在馆 | |
| 5 | 542284 | 205422844 | 自科二线504/504自科库 37排1列6层/ [索取号:Q811.4/P616] | 在馆 |